Statistics for Countries Closest to Senegal - 15 Second Sprint

Click here to take the quiz!

General Stats

  • This quiz has been taken 37 times
  • The average score is 6 of 20

Answer Stats

kmcountrymiles% Correct
0Gambia0
88%
0Mali0
63%
0Guinea0
59%
0Mauritania0
53%
1233Morocco766
53%
0Guinea-Bissau0
44%
1317Algeria818
31%
262Sierra Leone163
31%
571Cabo Verde355
25%
938Ghana583
25%
452Liberia281
22%
442Côte d'Ivoire275
19%
1257Niger781
16%
1231Togo765
16%
1591Nigeria989
13%
1231Spain765
13%
1340Benin832
9%
479Western Sahara298
9%
658Burkina Faso409
6%
1787Portugal1110
6%

Score Distribution

Percentile by Number Answered

Percent of People with Each Score

Your Score History

You have not taken this quiz